Verlaine / Pierre Petitfils ; přeložil Aleš Pohorský
Record details
- Physical Description: 490 s. : il., portréty, faksim. ; 24 cm
- Edition: Vyd. 1.
- Publisher: Praha : Československý spisovatel, 1987
Content descriptions
| General Note: | Přeloženo z francouzštiny "Úryvky veršů jsou uvedeny v překladech Z. Bergrové, V. Dyka, G. Francla, Fr. Hrubína, V. Nezvala, P. Kopty, A. Pohorského, J. Seiferta, Fr. Sekaniny, M. Sovy, K. Sýse, J. Vrchlického."--Tiráž 16000 výt. |
Search for related items by subject
| Subject: | Verlaine, Paul, 1844-1896 |
| Genre: | biografické romány |
Search for related items by series
Available copies
- 1 of 1 copy available at Common Catalog SPOK.
Holds
- 0 current holds with 1 total copy.
Show Only Available Copies
| Location | Call Number / Copy Notes | Barcode | Shelving Location | Status | Due Date |
|---|---|---|---|---|---|
| KDS Library | 929 PeP | 204576803313 | Library | Available | - |
| LDR | 01392nam a2200349 4500 | ||
|---|---|---|---|
| 001 | 22697 | ||
| 003 | CZ-PrJAB | ||
| 005 | 20150724111548.0 | ||
| 007 | ta | ||
| 008 | 880912s1987 xr ach 000 cze | ||
| 015 | . | ‡acnb000039542 | |
| 020 | . | ‡q(Váz.) : ‡ckČS 37,00 | |
| 035 | . | ‡a(CZ PrNK)ck8804697 | |
| 035 | . | ‡a(OCoLC)85621826 | |
| 040 | . | ‡aABA001 ‡bcze ‡dABA001 | |
| 041 | 1 | . | ‡acze ‡hfre |
| 080 | . | ‡a840-1 Verlaine,P. ‡2undef | |
| 080 | . | ‡a929 Verlaine,P. ‡2undef | |
| 100 | 1 | . | ‡aPetitfils, Pierre, ‡d1908- ‡7xx0022078 ‡4aut |
| 245 | 1 | 0. | ‡aVerlaine / ‡cPierre Petitfils ; přeložil Aleš Pohorský |
| 250 | . | ‡aVyd. 1. | |
| 260 | . | ‡aPraha : ‡bČeskoslovenský spisovatel, ‡c1987 ‡e(Vimperk : ‡fStráž) | |
| 300 | . | ‡a490 s. : ‡bil., portréty, faksim. ; ‡c24 cm | |
| 490 | 1 | . | ‡aKlub přátel poezie. Výběrová řada |
| 500 | . | ‡aPřeloženo z francouzštiny | |
| 500 | . | ‡a"Úryvky veršů jsou uvedeny v překladech Z. Bergrové, V. Dyka, G. Francla, Fr. Hrubína, V. Nezvala, P. Kopty, A. Pohorského, J. Seiferta, Fr. Sekaniny, M. Sovy, K. Sýse, J. Vrchlického."--Tiráž | |
| 500 | . | ‡a16000 výt. | |
| 600 | 1 | 7. | ‡aVerlaine, Paul, ‡d1844-1896 ‡7jn19990008767 ‡2czenas |
| 655 | 7. | ‡abiografické romány ‡7fd131905 ‡2czenas | |
| 830 | 0. | ‡aKlub přátel poezie (Československý spisovatel). ‡pVýběrová řada | |
| 910 | . | ‡aABE463 | |
| 964 | . | ‡aVerlaine, Paul (básník franc., 1844-1896) - romány životopisné | |
| 998 | . | ‡a000039542 | |
| 901 | . | ‡a22697 ‡b ‡c22697 ‡tbiblio | |